00505nam a22001452 4500001001100000005001700011008004100028020001300069040001500082245016000097250001700257260002600274300001600300610004300316000000958220151217155840.0081111s xx 000 0 eng d cDonation aKABUcKABU14aThe Church Missionary atlas containing an account of the various countries in which the Church Missionary Society labours and of its missionary operations. aNew 8th ed. aLondon :bCMS,c1896. axi, 239 p.20aChurch Missionary Society.@0000149626